| 000 | 00780nam a22002177a 4500 | ||
|---|---|---|---|
| 999 |
_c12148 _d12148 |
||
| 003 | AR-CdUCM | ||
| 008 | 190408b ||||| |||| 00| 0 spa d | ||
| 040 |
_aMUNICIPALIDAD PROVINCIAL DEL CUSCO _cBIBLIOTECA MUNICIPAL DEL CUSCO |
||
| 082 |
_aC / 460 / _bSE42 |
||
| 100 |
_aSerrano Soria, Américo _929847 |
||
| 245 | _aCastellano / | ||
| 260 | _aCusco : | ||
| 300 |
_a146 páginas ; _c20 cm. |
||
| 500 | _a7mo grado de educación básica regular. | ||
| 505 | _aContenido: Interpretación de mensajes orales -- Lectura sugerida -- comprensión de la lectura -- Expresión oral -- Expresión escrita -- Ortografía ... | ||
| 650 |
_aBiografía _922 |
||
| 650 |
_aLectura _92069 |
||
| 650 |
_aComprensión de lectura _93320 |
||
| 942 |
_2ddc _cLIBROS |
||
| 945 |
_aachl _d2019-04-08 |
||